Normal view
MARC view
- Computational intelligence
Entry Topical Term
001 - CONTROL NUMBER
- control field: 81775
003 - CONTROL NUMBER IDENTIFIER
- control field: NUST
005 - DATE AND TIME OF LATEST TRANSACTION
- control field: 20210827114045.0
008 - FIXED-LENGTH DATA ELEMENTS
- fixed length control field: 210827|| aca||aabn | a|a d
040 ## - CATALOGING SOURCE
- Original cataloging agency: NUST
- Transcribing agency: NUST
150 ## - HEADING--TOPICAL TERM
- Topical term or geographic name entry element: Computational intelligence
- General subdivision: Industrial applications
670 ## - SOURCE DATA FOUND
- Source citation: Work cat.: (NUST)31895: Liu, Ying 81774, Advances of Computational Intelligence in Industrial Systems /, c2008.
